[Event "27th CRO-chT 1A-Men 2018"]
[Site "Biograd"]
[Date "2018.09.08"]
[Round "1.12"]
[White "Zelenika, Srdjan"]
[Black "Jovanic, Ognjen"]
[Result "0-1"]
[WhiteElo "2217"]
[BlackElo "2512"]
[Annotator "TA"]
[PlyCount "68"]
[EventDate "2018.09.08"]
[EventType "team-tourn"]
[EventCountry "CRO"]
[SourceTitle "playchess.com"]
[Source "ChessBase"]
[SourceQuality "1"]

{[%evp 13,68,27,30,4,31,19,20,-10,-3,-45,-46,-51,-54,-49,-48,-46,-29,-43,-56,-66,-46,-75,-72,-86,-81,-68,-65,-82,-72,-86,-99,-191,-85,-100,-104,-104,-75,-118,-114,-171,-108,-108,-100,-100,-96,-99,-103,-222,-214,-315,-315,-315,-315,-310,-300,-531,-526]} 1. e4 c5 2. Nf3 e6 3. d4 cxd4 4. Nxd4 Nc6 5. Nc3 Qc7 6. Be2 a6 7. Nxc6 {B47: Sicilian: Taimanov: 5 Nc3 Qc7 6 f4, 6 g3 and 6 Be2} (7. O-O Nf6 8. Be3 Be7 9. f4 d6 10. Kh1 O-O 11. Qe1 Nxd4 12. Bxd4 b5 13. Qg3 Bb7 14. a3 Bc6 15. Rae1 Rad8 16. Bd3 Qd7 17. Nd1 Nh5 18. Qg4 Nf6 19. Qg3 Nh5 20. Qh3 Nxf4 21. Rxf4 e5 22. Rg4 exd4 23. e5 g6 {½-½ (78) Kravtsiv,M (2672)-Harikrishna,P (2744) Riadh 2017}) 7... bxc6 {[%cal Bb7c6,Bc6d5][%mdl 32] LiveBook: 3 Games} 8. Qd3 Nf6 9. Bd2 $146 {White is slightly better.} ({Predecessor:} 9. f4 d5 10. e5 Nd7 11. O-O a5 12. Qg3 Bc5+ 13. Kh1 O-O 14. Na4 Be7 {½-½ (46) Piazza,L (2336)-Kveinys,V (2133) ICCF email 2007}) 9... d5 10. O-O Be7 11. exd5 (11. f4 {is interesting.} O-O 12. e5 Nd7 13. Na4 Nc5 14. Nxc5 Bxc5+ 15. Kh1) 11... cxd5 12. Qg3 Qxg3 13. hxg3 Bd7 14. Bf3 Rb8 15. Rab1 O-O 16. Rfe1 Rfe8 17. Rec1 Bd6 18. g4 {Threatening g5.} h6 19. g5 hxg5 20. Bxg5 Rec8 21. Rd1 Be5 22. Be2 (22. Bd2 $17) 22... a5 (22... Bxc3 $19 {and Black stays clearly on top.} 23. bxc3 Rxb1 24. Rxb1 Ne4 25. Bxa6 Ra8) 23. Bd3 a4 {Strongly threatening ...a3.} 24. Re1 Bd4 25. Bf4 e5 {[%cal Be6e5,Be5e4][%mdl 32]} 26. Bg5 (26. Bg3 $17 {was called for.}) 26... Bxc3 (26... e4 $19 27. Ba6 Rc6) 27. bxc3 $17 Rxb1 28. Rxb1 e4 29. Ba6 Rxc3 30. Rb8+ (30. Rc1 $17) 30... Kh7 $19 31. Rd8 (31. Rb7 $142 Be6 32. Rb4) 31... Be6 32. Bb5 Rxc2 33. Bxa4 Rxa2 34. Bc6 $2 {[#]} (34. Bxf6 {was worth a try.} Rxa4 35. Bb2) 34... Ng4 {Precision: White = 38%, Black = 72%.} 0-1

[Event "27th CRO-chT 1A-Men 2018"]
[Site "Biograd"]
[Date "2018.09.08"]
[Round "1.13"]
[White "Braun, Arik"]
[Black "Postny, Evgeny"]
[Result "1-0"]
[WhiteElo "2581"]
[BlackElo "2621"]
[Annotator "TA RC"]
[PlyCount "95"]
[EventDate "2018.09.08"]
[EventType "team-tourn"]
[EventCountry "CRO"]
[SourceTitle "playchess.com"]
[Source "ChessBase"]
[SourceQuality "1"]

{[%evp 15,95,18,17,12,10,5,12,7,6,-11,16,16,14,15,31,22,43,47,38,20,38,29,41,30,31,37,30,28,27,26,29,31,54,38,51,32,35,36,72,31,53,17,17,16,17,13,137,137,150,142,142,166,146,49,37,44,122,97,134,125,180,181,226,225,325,309,324,317,324,323,378,378,378,378,375,366,475,473,544,363,1108,1104]} 1. d4 Nf6 2. c4 e6 3. Nc3 Bb4 4. Qc2 O-O 5. a3 Bxc3+ 6. Qxc3 b6 7. Bg5 c5 8. dxc5 bxc5 {LiveBook: 236 Games} 9. Nh3 {E32: Nimzo-Indian: Classical (4 Qc2): 4...0-0} (9. e3 d6 10. Rd1 Nbd7 11. Bd3 Rb8 12. Ne2 h6 13. Bf4 Rb6 14. e4 Bb7 15. f3 d5 16. exd5 exd5 17. O-O Re8 {½-½ (46) Inarkiev,E (2706)-Vitiugov,N (2739) Sochi 2015}) 9... a5 10. f3 d6 11. e3 {The position is equal.} Nbd7 12. Be2 Qc7 $146 ({Predecessor:} 12... Ra6 13. O-O Qc7 14. Bh4 Bb7 15. Nf2 Rb8 16. Nd1 Bc6 17. Qc1 Rab6 {0-1 (39) Kalesis,N (2480)-Postny,E (2618) Eretria 2011}) 13. O-O Bb7 14. Rfd1 Ra6 {[%cal Ba8a6,Ba6b6,Bb6b3][%mdl 32]} 15. Rd2 Rb8 16. Nf2 {[%cal Bh3f2,Bf2d1,Bd1c3][%mdl 32]} Bc6 17. Bh4 a4 18. Bg3 e5 19. Qc2 Rab6 20. Nd1 Ne8 21. Rb1 Ndf6 22. Nc3 Rb3 23. Qc1 R3b6 24. Bh4 h6 25. Qc2 Ra8 26. Rbd1 Bd7 27. Bd3 Rab8 28. e4 Qb7 {[%cal Rb6b2]} 29. Nb5 Bxb5 30. cxb5 {Threatening Bxf6.} Ra8 (30... Nc7 $11 {keeps the balance.}) 31. Bc4 $36 {[%mdl 2048] White is in control.} g5 32. Bf2 Rxb5 33. Bxb5 Qxb5 34. Rxd6 (34. Be3 $16) 34... Nxd6 $14 35. Rxd6 Kg7 (35... Nh5 $1 $14) 36. Qc3 (36. Bxc5 $2 Rc8 $19) 36... Nd7 37. h4 {And now hxg5 would win.} Ra6 (37... Ra7 $16 38. hxg5 hxg5) 38. Rd5 $18 {hxg5 is the strong threat.} gxh4 {intending ...h3.} 39. Qd2 ({But not} 39. Bxh4 Rb6) ({Much less strong is} 39. Bxc5 $6 Qb7) 39... Ra7 (39... Nf6 $142) 40. Bxh4 {[#] aiming for Rd6.} Nf8 41. Rd6 ({Resist} 41. Rxe5 Rd7 $18) 41... Ne6 42. Bg3 c4 43. Rd5 Qc6 {and the idea ...f6 leaves Black hopeful.} 44. Bxe5+ Kh7 45. Bc3 Ra8 46. Kf1 Rb8 47. Rd6 Qc5 $2 {[#]} (47... Qe8 48. Qd1 Rd8 49. Rxd8 Qxd8) 48. Rxe6 $1 {[%mdl 512] Precision: White = 67%, Black = 38%.} 1-0

[Event "27th CRO-chT 1A-Men 2018"]
[Site "Biograd"]
[Date "2018.09.08"]
[Round "1.14"]
[White "Pikula, Dejan"]
[Black "Georgiev, Kiril"]
[Result "0-1"]
[WhiteElo "2469"]
[BlackElo "2590"]
[Annotator "TA"]
[PlyCount "72"]
[EventDate "2018.09.08"]
[EventType "team-tourn"]
[EventCountry "CRO"]
[SourceTitle "playchess.com"]
[Source "ChessBase"]
[SourceQuality "1"]

{[%evp 15,72,3,8,0,41,0,68,60,52,29,64,60,65,54,62,40,40,35,49,27,59,66,49,0,0,0,0,0,53,-39,0,0,0,-60,-61,-51,-55,-249,-247,-256,-11,-11,0,0,0,-212,-212,-242,108,112,129,36,37,38,34,-363,-348,-1688,-1632]} 1. e4 {Mekhitarian,K} c5 2. Nf3 d6 3. d4 cxd4 4. Nxd4 Nf6 5. Nc3 a6 6. Be3 e6 7. f3 b5 8. g4 h6 9. Qd2 {B80: Sicilian Scheveningen: 6 g3 and 6 Be3, including English Attack} Nbd7 10. a3 Ne5 $146 ({Black should try} 10... Bb7 $1 $11) ({Predecessor:} 10... Bb7 11. O-O-O Rc8 12. Kb1 d5 13. exd5 Nxd5 14. Nxd5 Bxd5 15. Be2 Bc5 16. Rhg1 O-O 17. h4 Ne5 18. f4 Nc4 19. Bxc4 bxc4 {0-1 (45) Ponomariov,R (2712)-Wojtaszek,R (2730) Khanty-Mansiysk 2017 CBM 179 [Mekhitarian,K]}) 11. Rg1 {White is slightly better.} g5 12. O-O-O Be7 13. Kb1 Bb7 14. h4 Nfd7 15. hxg5 hxg5 16. Be2 Rh2 17. Qc1 Rc8 18. Rh1 Rh4 19. Qd2 Nb6 20. b3 Ng6 21. Rxh4 Nxh4 (21... gxh4 $11 22. f4 e5) 22. Rh1 (22. Ncxb5 $14 axb5 23. Nxb5) 22... d5 23. e5 Nd7 $1 {[%cal Rd7e5]} 24. f4 (24. Ncxb5 $1 $11 axb5 25. Bxb5) 24... Qa5 $36 {[%mdl 2048] Black has the initiative.} (24... Bxa3 $6 {[#]} 25. Ncxb5 $1 {[%mdl 512]} axb5 26. f5 $11) 25. fxg5 {[%cal Rc3b5]} Ng6 $1 ({Stronger than} 25... Rxc3 26. Rxh4 Nxe5 27. Rh8+ Kd7 28. Bf4 $16) 26. Nxe6 $2 (26. Na2 $15 Qxa3 27. Bd3 Ndxe5 28. Bxg6 Nxg6 29. Qf2) 26... Qxc3 ({Don't play} 26... fxe6 27. Bd4) 27. Ng7+ Kd8 $2 (27... Kf8 $19 28. Qxc3 Rxc3) 28. e6 $1 $11 {[%cal Re6d7]} Qxg7 29. exd7 Kxd7 {White must now prevent ...Qc3.} 30. Bd4 $2 {[#]} (30. Bd3 $1 $11 {and White has nothing to worry.}) 30... Bxg5 $1 $19 {[%mdl 512]} 31. Qd3 (31. Qxg5 Qxd4) 31... Ne5 $2 (31... Bf6 $19 32. Qf5+ Ke7) 32. Qf5+ $16 Kd6 {Strongly threatening ...Qf6.} 33. Rh7 (33. Rh5 $16 Qf6 34. Rxg5 Qxf5 35. Rxf5) 33... Qf6 $14 {Hoping for ...Qxf5.} 34. Bxe5+ Qxe5 35. Qxf7 $2 {[%mdl 8192]} (35. Qxe5+ $14 Kxe5 36. Rxf7) 35... Bc6 $19 ({Don't do} 35... Qxe2 36. Qg6+ Kc5 37. Qxg5 $19) 36. Qg6+ $2 (36. Rh5) 36... Bf6 {Precision: White = 36%, Black = 49%.} 0-1

[Event "27th CRO-chT 1A-Men 2018"]
[Site "Biograd"]
[Date "2018.09.08"]
[Round "1.15"]
[White "Muse, Drazen"]
[Black "Jovanovic, Zoran"]
[Result "0-1"]
[WhiteElo "2352"]
[BlackElo "2540"]
[Annotator "TA"]
[PlyCount "66"]
[EventDate "2018.09.08"]
[EventType "team-tourn"]
[EventCountry "CRO"]
[SourceTitle "playchess.com"]
[Source "ChessBase"]
[SourceQuality "1"]

{[%evp 13,66,37,47,20,21,-12,0,-45,-40,-27,-55,-53,-48,-48,-15,-17,-12,-8,-7,0,0,-12,0,0,0,0,0,7,13,10,12,0,0,-2,0,-5,-10,-9,-6,-16,-6,-13,-11,-358,-358,-327,-239,-239,-240,-281,-297,-281,-296,-292,-272]} 1. d4 d6 2. e4 Nf6 3. Nc3 e5 4. dxe5 dxe5 5. Qxd8+ Kxd8 6. Bc4 Ke8 7. Nf3 Bd6 8. Ng5 {B07: Pirc Defence: Miscellaneous Systems} (8. Be3 a6 9. a3 h6 10. h3 Ke7 11. O-O-O Be6 12. Nd2 Nbd7 13. Bxe6 Kxe6 14. Nc4 Rac8 15. f3 Bc5 16. Bxc5 Nxc5 {½-½ (41) Salgado Lopez,I (2627)-Jobava,B (2687) Tbilisi 2017}) 8... Rf8 9. Nd5 Nbd7 10. f4 $146 {The position is equal.} ({Predecessor:} 10. Nxf6+ Nxf6 11. Bd3 h6 12. Nf3 Be6 13. Bd2 Ke7 14. Bc3 Nd7 15. b3 Rfd8 {½-½ (31) Golubka,P (2424)-Sevostianov,P (2248) Lvov 2017}) 10... Nxd5 11. Bxd5 h6 12. fxe5 Nxe5 13. Nf3 c6 14. Bb3 $1 a5 {[#] White must now prevent ...a4.} 15. a4 Be6 16. Bxe6 fxe6 17. Ke2 Rd8 18. Nxe5 Bxe5 19. Be3 Rf6 20. c3 Rg6 21. g3 h5 22. Bf2 Rg4 23. Ke3 Bc7 24. h3 Rg6 25. Ke2 $1 Bxg3 26. Bb6 Rd7 $36 {[%mdl 2048] White is under pressure.} 27. Bxa5 Bf4 {[#] Threatens to win with ...Rd2+.} 28. Rhg1 $2 {[%mdl 8192]} (28. Rad1 $11 {and White stays safe.}) 28... Rd2+ $19 29. Kf3 Rxg1 30. Rxg1 g5 {[%cal Bg7g5,Bg5g4][%mdl 32]} 31. h4 Rd3+ {Black has a decisive advantage.} ({Not} 31... Rxb2 32. hxg5 Bd2 33. g6 $15) 32. Ke2 Re3+ 33. Kf2 g4 {Precision: White = 64%, Black = 69%.} ({Less strong is} 33... Rxe4 34. hxg5 Be3+ 35. Kf3 $17) (33... gxh4 34. Bb4 $17) 0-1

[Event "27th CRO-chT 1A-Men 2018"]
[Site "Biograd"]
[Date "2018.09.08"]
[Round "1.16"]
[White "Bukal, Vladimir Jr"]
[Black "Zovko, Mario"]
[Result "1-0"]
[WhiteElo "2380"]
[BlackElo "2328"]
[Annotator "ChessBase"]
[PlyCount "103"]
[EventDate "2018.09.08"]
[EventType "team-tourn"]
[EventCountry "CRO"]
[SourceTitle "playchess.com"]
[Source "ChessBase"]
[SourceQuality "1"]
[TimeControl "40/5400+30:1800+30"]

1. Nf3 {[%emt 0:00:30]} d5 {[%emt 0:00:30]} 2. g3 {[%emt 0:00:00]} Nf6 {[%emt 0:00:00]} 3. Bg2 {[%emt 0:00:00]} c6 {[%emt 0:00:00]} 4. O-O {[%emt 0:00:30]} Bg4 {[%emt 0:00:30]} 5. d3 {[%emt 0:01:30]} e6 {[%emt 0:01:30]} 6. Qe1 {[%emt 0:04:30]} Be7 {[%emt 0:02:30]} 7. h3 {[%emt 0:01:30]} Bh5 {[%emt 0:00:30]} 8. e4 {[%emt 0:00:00]} Bg6 {[%emt 0:03:30]} 9. Ne5 {[%emt 0:08:00]} Nfd7 {[%emt 0:03:30]} 10. Nxg6 {[%emt 0:04:30]} hxg6 {[%emt 0:00:00]} 11. Nd2 {[%emt 0:00:30]} dxe4 {[%emt 0:03:00]} 12. dxe4 {[%emt 0:02:30]} e5 {[%emt 0:01:30]} 13. Qe2 {[%emt 0:00:30]} Na6 {[%emt 0:01:30]} 14. Nf3 {[%emt 0:03:30]} Nac5 {[%emt 0:01:30]} 15. h4 {[%emt 0:01:30]} Qc7 {[%emt 0:07:30]} 16. Bh3 {[%emt 0:03:30]} Nf8 {[%emt 0:05:30]} 17. Rd1 {[%emt 0:11:30]} Rd8 {[%emt 0:11:30]} 18. Rxd8+ {[%emt 0:01:30]} Bxd8 {[%emt 0:02:30]} 19. Qc4 {[%emt 0:06:30]} Nce6 {[%emt 0:03:30]} 20. Kg2 {[%emt 0:06:30]} Qd6 {[%emt 0:06:30]} 21. Bd2 {[%emt 0:10:30]} b5 {[%emt 0:07:30]} 22. Qe2 {[%emt 0:02:30]} Nd7 {[%emt 0:05:30]} 23. a4 {[%emt 0:00:30]} a6 {[%emt 0:05:30]} 24. axb5 {[%emt 0:00:30]} axb5 {[%emt 0:00:00]} 25. Bc3 {[%emt 0:03:30]} Bc7 {[%emt 0:08:04]} 26. Ra7 {[%emt 0:12:34]} Bb8 {[%emt 0:01:32]} 27. Rb7 {[%emt 0:02:51]} O-O {[%emt 0:02:44]} 28. Ng5 {[%emt 0:00:07]} Nc7 {[%emt 0:04:45]} 29. b4 {[%emt 0:08:15]} Nf6 {[%emt 0:04:36]} 30. Qd3 {[%emt 0:00:23]} Qe7 {[%emt 0:02:06]} 31. Qe3 {[%emt 0:00:03]} Qd6 {[%emt 0:02:23]} 32. Qd3 {[%emt 0:00:48]} Qe7 {[%emt 0:00:54]} 33. Qe3 {[%emt 0:00:06]} Qd6 {[%emt 0:00:03]} 34. Qb6 {[%emt 0:01:46]} Na8 {[%emt 0:00:43]} 35. Qc5 {[%emt 0:01:09]} Qxc5 {[%emt 0:03:10]} 36. bxc5 {[%emt 0:00:30]} Bc7 {[%emt 0:00:00]} 37. Ra7 {[%emt 0:00:05]} Rd8 {[%emt 0:00:22]} 38. Ra6 {[%emt 0:00:35]} Rb8 {[%emt 0:00:21]} 39. Rxc6 {[%emt 0:00:33]} b4 {[%emt 0:00:06]} 40. Bb2 {[%emt 0:00:00]} Nh7 {[%emt 0:00:00]} 41. Ra6 {[%emt 0:04:15]} Nf8 {[%emt 0:08:11]} 42. Ra7 {[%emt 0:00:30]} Re8 {[%emt 0:01:30]} 43. Kg1 {[%emt 0:04:30]} f6 {[%emt 0:01:30]} 44. Nf3 {[%emt 0:00:00]} Rb8 {[%emt 0:00:30]} 45. Bf1 {[%emt 0:00:00]} Bd8 {[%emt 0:00:30]} 46. Bc4+ {[%emt 0:00:30]} Kh7 {[%emt 0:00:00]} 47. Nxe5 {[%emt 0:02:30]} fxe5 {[%emt 0:02:00]} 48. Bxe5 {[%emt 0:00:30]} Rc8 {[%emt 0:00:30]} 49. Rxg7+ {[%emt 0:00:30]} Kh6 {[%emt 0:00:00]} 50. Rg8 {[%emt 0:01:30]} Rxc5 {[%emt 0:01:00]} 51. Rh8+ {[%emt 0:02:30]} Nh7 {[%emt 0:00:00]} 52. Bg8 {[%emt 0:00:00]} 1-0

[Event "27th CRO-chT 1A-Men 2018"]
[Site "Biograd"]
[Date "2018.09.08"]
[Round "1.17"]
[White "Cosic, Marin"]
[Black "Dutina, Dario"]
[Result "1/2-1/2"]
[WhiteElo "2227"]
[BlackElo "2245"]
[Annotator "NA"]
[PlyCount "27"]
[EventDate "2018.09.08"]
[EventType "team-tourn"]
[EventCountry "CRO"]
[SourceTitle "playchess.com"]
[Source "ChessBase"]
[SourceQuality "1"]
[TimeControl "40/5400+30:1800+30"]

1. d4 {[%emt 0:00:30]} e6 {[%emt 0:00:30]} 2. e4 {[%emt 0:00:00]} d5 {[%emt 0:00:00]} 3. exd5 {[%emt 0:01:00]} exd5 {[%emt 0:00:00]} 4. Bd3 {[%emt 0:00:30]} Nf6 {[%emt 0:10:30]} 5. Ne2 {[%emt 0:05:30]} Bg4 {[%emt 0:01:30]} 6. Bg5 {[%emt 0:02:30]} Be7 {[%emt 0:05:30]} 7. c3 {[%emt 0:04:30]} O-O {[%emt 0:21:30]} 8. Qc2 {[%emt 0:01:30]} Nbd7 {[%emt 0:06:30]} 9. O-O {[%emt 0:05:30]} Re8 {[%emt 0:07:30]} 10. Ng3 {[%emt 0:06:30]} Nf8 {[%emt 0:06:30]} 11. h3 {[%emt 0:08:30]} Bc8 {[%emt 0:05:30]} 12. Nd2 {[%emt 0:01:30]} h6 $11 {[%emt 0:02:30]} 13. Bxf6 {[%emt 0:13:30]} Bxf6 {[%emt 0:00:30]} 14. Nf3 {[%emt 0:00:00]} 1/2-1/2

[Event "27th CRO-chT 1A-Men 2018"]
[Site "Biograd"]
[Date "2018.09.08"]
[Round "1.18"]
[White "Bozinovic, Bogdan"]
[Black "Zivkovic, Nikola"]
[Result "1/2-1/2"]
[WhiteElo "2229"]
[BlackElo "2144"]
[Annotator "NA"]
[PlyCount "99"]
[EventDate "2018.09.08"]
[EventType "team-tourn"]
[EventCountry "CRO"]
[SourceTitle "playchess.com"]
[Source "ChessBase"]
[SourceQuality "1"]
[TimeControl "40/5400+30:1800+30"]

1. d4 {[%emt 0:00:30]} Nf6 {[%emt 0:00:30]} 2. c4 {[%emt 0:00:30]} g6 {[%emt 0:00:30]} 3. Nc3 {[%emt 0:00:30]} Bg7 {[%emt 0:00:00]} 4. e4 {[%emt 0:01:30]} d6 {[%emt 0:00:00]} 5. Nge2 {[%emt 0:00:30]} O-O {[%emt 0:00:30]} 6. Ng3 {[%emt 0:00:30]} e5 {[%emt 0:02:30]} 7. d5 {[%emt 0:00:00]} a5 {[%emt 0:01:30]} 8. Be2 {[%emt 0:01:00]} Na6 {[%emt 0:01:30]} 9. h4 {[%emt 0:01:30]} h5 {[%emt 0:06:30]} 10. Bg5 {[%emt 0:01:30]} Qe8 {[%emt 0:02:30]} 11. Qd2 {[%emt 0:00:30]} Nh7 {[%emt 0:04:30]} 12. Bh6 {[%emt 0:09:30] E70: King's Indian: Miscellaneous lines with 4 e4, including 5 Nge2 and 5 Bd3 0-0 6 Nge2} (12. Be3 Bd7 13. O-O-O a4 14. Rdg1 Nc5 15. Bh6 Qe7 16. Be3 b6 17. Nf1 f5 18. exf5 gxf5 19. Ng3 f4 20. Bxc5 fxg3 {1-0 (66) Bernadskiy,V (2586)-Rahul,S (2397) Suwalki 2018}) 12... f6 {[%emt 0:03:30]} 13. Be3 $146 {[%emt 0:04:30]} ({Predecessor:} 13. Bxg7 Kxg7 14. O-O-O Nc5 15. Nb5 Qe7 16. Kb1 Rd8 17. Rhf1 a4 18. f3 Rf8 19. f4 exf4 20. Rxf4 {0-1 (51) Kretchetov,A (2335)-Matikozian,A (2430) Los Angeles 2003}) 13... Bd7 {[%emt 0:02:30]} 14. O-O-O {[%emt 0:02:30]} Nc5 {[%emt 0:02:30]} 15. f3 {[%emt 0:02:30]} a4 {[%emt 0:01:30]} 16. Nf1 {[%emt 0:08:30]} f5 {[%emt 0:05:30]} 17. Bd3 {[%emt 0:10:30]} Nxd3+ {[%emt 0:03:30]} 18. Qxd3 {[%emt 0:00:30]} f4 {[%emt 0:00:30]} 19. Bf2 {[%emt 0:00:00]} a3 {[%emt 0:01:30]} 20. b3 {[%emt 0:01:00]} Qe7 {[%emt 0:03:30]} 21. Nd2 {[%emt 0:02:30]} Rfc8 {[%emt 0:01:30]} 22. Kb1 {[%emt 0:02:30]} Kh8 {[%emt 0:06:30]} 23. Ka1 {[%emt 0:02:30]} Ra5 {[%emt 0:02:30]} 24. Ndb1 {[%emt 0:05:30]} ({Günstiger ist} 24. b4 $16 Raa8 25. c5) 24... Bf8 {[%emt 0:03:30]} 25. Be1 {[%emt 0:04:30]} Ra7 {[%emt 0:03:30]} 26. Nb5 {[%emt 0:06:30]} Bxb5 {[%emt 0:02:30]} 27. cxb5 {[%emt 0:00:00]} Nf6 {[%emt 0:04:30]} 28. Bb4 {[%emt 0:08:00]} Rca8 {[%emt 0:08:30]} 29. Rc1 {[%emt 0:01:30]} b6 {[%emt 0:01:30]} 30. Be1 {[%emt 0:04:00]} Qf7 {[%emt 0:09:02]} 31. Rc3 {[%emt 0:04:44]} Bg7 {[%emt 0:01:47]} 32. Nd2 {[%emt 0:01:42]} Qd7 {[%emt 0:04:00]} 33. Rc6 {[%emt 0:02:59]} Qf7 {[%emt 0:01:31]} 34. Kb1 {[%emt 0:00:29]} Rg8 {[%emt 0:00:38]} 35. Rc2 {[%emt 0:01:22]} Ne8 {[%emt 0:00:37]} 36. Nc4 {[%emt 0:01:43]} Qd7 {[%emt 0:00:43]} 37. Qe2 {[%emt 0:02:09]} Bf6 {[%emt 0:00:44]} 38. Nd2 {[%emt 0:03:11]} Kh7 {[%emt 0:02:01]} 39. Kc1 {[%emt 0:03:25]} Rg7 {[%emt 0:00:08]} 40. Nb1 {[%emt 0:00:00]} Qd8 {[%emt 0:00:00]} 41. Qf2 {[%emt 0:02:16]} Be7 $1 $11 {[%emt 0:02:49]} 42. Bb4 {[%emt 0:00:30]} Qa8 {[%emt 0:01:30]} 43. Be1 {[%emt 0:04:30]} Nf6 {[%emt 0:01:30]} 44. Rc4 {[%emt 0:01:30]} (44. b4 $16) 44... Qe8 {[%emt 0:02:30]} 45. Rc6 {[%emt 0:02:30]} Nd7 {[%emt 0:01:30]} 46. Qe2 {[%emt 0:03:30]} Qd8 {[%emt 0:00:30]} 47. Nc3 {[%emt 0:01:30]} (47. b4 $18) 47... Nc5 {[%emt 0:01:30]} 48. Qc2 {[%emt 0:00:30]} Qa8 {[%emt 0:02:30]} 49. Nb1 {[%emt 0:00:50]} Bd8 $16 {[%emt 0:01:30]} 50. Nc3 {[%emt 0:01:30]} 1/2-1/2

[Event "27th CRO-chT 1A-Men 2018"]
[Site "Biograd"]
[Date "2018.09.08"]
[Round "1.19"]
[White "Abasov, Nijat"]
[Black "Movsesian, Sergei"]
[Result "1/2-1/2"]
[WhiteElo "2632"]
[BlackElo "2645"]
[Annotator "TA"]
[PlyCount "65"]
[EventDate "2018.09.08"]
[EventType "team-tourn"]
[EventCountry "CRO"]
[SourceTitle "playchess.com"]
[Source "ChessBase"]
[SourceQuality "1"]

{[%evp 21,65,18,10,0,0,0,0,-4,5,8,20,22,27,27,27,27,22,20,27,22,31,30,27,23,44,2,3,6,28,22,24,23,23,23,23,23,23,23,23,23,23,23,23,23,31,31]} 1. Nf3 d5 2. c4 e6 3. d4 Nf6 4. Nc3 Bb4 5. Bg5 h6 6. Bxf6 Qxf6 7. e3 O-O 8. Rc1 Nc6 9. cxd5 exd5 10. a3 {D38: Damengambit (Ragosin-Verteidigung)} Bxc3+ 11. Rxc3 Ne7 {LiveBook: 4 Partien} 12. Ne5 {Die Stellung ist ausgeglichen.} c6 13. Bd3 $146 ({Vorgänger:} 13. Be2 Ng6 14. Nd3 Qg5 15. g3 Bh3 16. Nf4 Nxf4 17. gxf4 Qh4 {0-1 (26) Korobov,A (2652)-Harikrishna,P (2744) Huaian 2017}) 13... Bf5 14. O-O Rfd8 15. b4 a6 16. a4 Ng6 17. Nxg6 Qxg6 18. Bxf5 Qxf5 19. Qb1 Qe6 20. Rfc1 Rd6 21. Rc5 Qd7 22. Qd3 Rg6 23. b5 axb5 24. axb5 Ra2 25. bxc6 bxc6 26. R5c2 Rxc2 27. Qxc2 $11 {[%mdl 4096] Endspiel KDT-KDT} Qg4 {[%csl Gg6][%cal Rg4g2] [#]} 28. g3 Rf6 29. Rb1 {Beabsichtigt Tb8+ und Matt.} g6 30. Rb6 Qd7 31. Kg2 Kg7 32. h3 h5 33. Ra6 {Precision: Weiß = 64%, Schwarz = 80%.} 1/2-1/2

[Event "27th CRO-chT 1A-Men 2018"]
[Site "Biograd"]
[Date "2018.09.08"]
[Round "1.20"]
[White "Nguyen, Thai Dai Van"]
[Black "Bogut, Zeljko"]
[Result "1-0"]
[WhiteElo "2537"]
[BlackElo "2415"]
[Annotator "TA"]
[PlyCount "97"]
[EventDate "2018.09.08"]
[EventType "team-tourn"]
[EventCountry "CRO"]
[SourceTitle "playchess.com"]
[Source "ChessBase"]
[SourceQuality "1"]

{[%evp 20,97,58,65,69,48,77,79,78,43,61,61,67,70,91,75,94,78,79,66,60,60,52,29,52,20,137,143,143,141,138,135,137,137,147,140,187,184,167,170,199,193,185,185,214,214,214,217,227,223,200,188,252,179,228,222,292,310,383,383,383,383,383,383,383,383,383,383,383,383,383,383,9712,5708,29981,29982,29995,29996,29996,29997]} 1. e4 c5 2. Nf3 Nc6 3. d4 cxd4 4. Nxd4 e5 5. Nb5 {[%cal Bd4b5,Bb5a3,Ba3c4][%mdl 32]} d6 6. N1c3 a6 7. Na3 Be6 8. Nc4 Rc8 9. Be3 {B32: Sicilian: Löwenthal and Kalashnikov Variations} Nd4 10. Bxd4 Bxc4 11. Bxc4 {LiveBook: 16 Games. White is slightly better.} (11. Be3 Be6 12. Nd5 Nf6 13. Nxf6+ Qxf6 14. Qd2 Qd8 15. Rd1 Be7 16. b3 b5 {½-½ (36) Iordachescu,V (2587)-Grigore,G (2517) Galatzi 2007}) 11... Rxc4 12. Be3 Be7 13. Qd3 Rc6 14. O-O Bg5 $146 ({Predecessor:} 14... h6 15. Nd5 Nf6 16. c4 O-O {0-1 (43) Pruess,D (2424)-Bonin,J (2365) ICC INT 2007}) 15. Nd5 Bxe3 16. Nxe3 Ne7 17. Rfd1 O-O 18. c4 Qc8 19. b3 f5 20. exf5 Nxf5 21. Nd5 {Hoping for g4.} Re8 22. Qe4 Rc5 (22... b5 $11 {keeps the balance.}) 23. Nb6 $1 $16 {[%cal Rb6c8]} Qc6 24. Qxf5 Qxb6 25. Qd7 {[%cal Rd7e8]} Rd8 {[#]} 26. Qe6+ $1 Kh8 27. Rd3 $36 {[%mdl 2048] Black is under strong pressure.} Rc6 {[#]} 28. Rad1 $1 h6 29. Qe7 Qc7 30. Qxc7 Rxc7 31. Rxd6 Rxd6 32. Rxd6 $18 {[%mdl 4096] Endgame KR-KR} b5 33. Rxa6 bxc4 34. bxc4 Rxc4 {[%cal Rc4c1]} 35. Kf1 Rc2 (35... Kg8 $142 36. Ra7 g5) 36. h4 h5 37. Ra5 g6 38. Ra7 ({Weaker is} 38. Rxe5 Rxa2 39. Re7 Kg8 $16) 38... e4 39. a4 Ra2 40. a5 Kg8 41. a6 Kf8 42. Ke1 Kg8 43. Kd1 Kf8 44. Kc1 Kg8 45. Kb1 Rxf2 $2 (45... Ra4 46. Ra8+ Kf7) 46. Rb7 e3 47. a7 {White mates.} e2 48. a8=Q+ Rf8 49. Qa2+ {Precision: White = 80%, Black = 24%.} 1-0